| 000 | 00593nam a2200205 a 4500 | ||
|---|---|---|---|
| 001 | 2159 | ||
| 003 | CDMR | ||
| 005 | 20131203132613.0 | ||
| 008 | 130130s1973||||||||||||||||||||||||||||d | ||
| 040 |
_aCDMR _bcat _cCDMR |
||
| 100 | 1 |
_aCossio, Carlos _91609 |
|
| 245 | 1 | 3 |
_aLa opinión pública _cCarlos Cossio |
| 250 | _a4a ed. corr. | ||
| 260 |
_aBuenos Aires _c1973 _bPaidós |
||
| 490 | 0 |
_aBiblioteca del Hombre Contemporáneo _v248 |
|
| 650 | 0 | 4 |
_94172 _aSocietat de massa |
| 650 | 0 | 4 |
_92537 _aOpinió pública |
| 650 | 0 | 4 |
_93542 _aMitjans de comunicació de massa _xInfluència |
| 942 |
_cMON _2udc |
||
| 999 |
_c2159 _d2159 |
||